[Event "IECG TG.2005.0.15347"]
[Site "IECG email"]
[Date "2005.02.06"]
[Round "2"]
[White "Bottoni, Carlo"]
[Black "Palit, Suvo"]
[Result "1-0"]
[WhiteElo "1171"]
[BlackElo "1275"]
[PlyCount "46"]
[EventDate "2005.02.06"]
[EventType "match (corr)"]
[EventRounds "2"]
[SourceTitle "Corr 2008"]
[Source "ChessBase"]
[SourceDate "2008.06.24"]
[SourceVersion "1"]
[SourceVersionDate "2008.06.24"]
[SourceQuality "1"]

1. e4 d6 2. d4 g6 3. Nc3 Bg7 4. f4 e6 5. Nf3 Nf6 6. Be2 0-0 7. 0-0 c6 8. e5 dxe5 9. fxe5 Nd5 10. Ne4 Nd7 11. c4 Ne7 12. c5 Nf5 13. Bc4 b6 14. Bg5 Qc7 15. g4 Nh6 16. h3 Kh8 17. Bxh6 Bxh6 18. Nfg5 Kg8 19. Qe1 bxc5 20. Qh4 Bxg5 21. Nxg5 h5 22. gxh5 Kg7 23. hxg6 Rh8 1-0

[Event "IECG QE.2003.0.00051"]
[Site "IECG email"]
[Date "2003.08.16"]
[Round "1"]
[White "Certoux, Jean Marie"]
[Black "Palit, Suvo"]
[Result "1-0"]
[WhiteElo "1359"]
[BlackElo "1275"]
[PlyCount "45"]
[EventDate "2003.08.16"]
[EventType "tourn (corr)"]
[EventRounds "6"]
[SourceTitle "Corr 2008"]
[Source "ChessBase"]
[SourceDate "2008.06.24"]
[SourceVersion "1"]
[SourceVersionDate "2008.06.24"]
[SourceQuality "1"]

1. e4 e6 2. d4 g6 3. Nc3 b6 4. Nf3 Bb7 5. Bf4 Bb4 6. Qd3 Bxc3+ 7. bxc3 d6 8. e5 dxe5 9. Nxe5 Nc6 10. Qf3 Nxd4 11. Qd3 Nf5 12. Qb5+ Ke7 13. Rd1 Nd6 14. Nc6+ Bxc6 15. Qxc6 Nf6 16. Be5 Re8 17. Qf3 Nd5 18. Be2 Kf8 19. 0-0 Qe7 20. c4 Nb4 21. Bf6 Qd7 22. Qh3 h5 23. Bxh5 1-0

[Event "IECG QE.2003.0.00051"]
[Site "IECG email"]
[Date "2003.08.16"]
[Round "2"]
[White "Palit, Suvo"]
[Black "Trevis, Robert R"]
[Result "0-1"]
[WhiteElo "1275"]
[BlackElo "1337"]
[PlyCount "34"]
[EventDate "2003.08.16"]
[EventType "tourn (corr)"]
[EventRounds "6"]
[SourceTitle "Corr 2008"]
[Source "ChessBase"]
[SourceDate "2008.06.24"]
[SourceVersion "1"]
[SourceVersionDate "2008.06.24"]
[SourceQuality "1"]

1. e4 e5 2. Nf3 Nc6 3. Bb5 a6 4. Bxc6 dxc6 5. Nxe5 Qd4 6. Nf3 Qxe4+ 7. Qe2 Qxe2+ 8. Kxe2 Bg4 9. Re1 0-0-0 10. Ke3 Re8+ 11. Kf4 Rxe1 12. Nxe1 Nf6 13. h3 Bd6+ 14. Ke3 Re8+ 15. Kd4 Re4+ 16. Kd3 Be2+ 17. Kc3 Nd5+ 0-1

[Event "IECG QE.2003.0.00051"]
[Site "IECG email"]
[Date "2003.08.16"]
[Round "1"]
[White "Trevis, Robert R"]
[Black "Palit, Suvo"]
[Result "1-0"]
[WhiteElo "1337"]
[BlackElo "1275"]
[PlyCount "45"]
[EventDate "2003.08.16"]
[EventType "tourn (corr)"]
[EventRounds "6"]
[SourceTitle "Corr 2008"]
[Source "ChessBase"]
[SourceDate "2008.06.24"]
[SourceVersion "1"]
[SourceVersionDate "2008.06.24"]
[SourceQuality "1"]

1. c4 g6 2. Nc3 Bg7 3. d4 d6 4. Nf3 Bg4 5. h3 Bxf3 6. exf3 Nc6 7. d5 Ne5 8. Qb3 c6 9. Qxb7 cxd5 10. cxd5 Nd7 11. Bb5 Ngf6 12. Bc6 0-0 13. Qxa8 Qa5 14. Qb7 Rb8 15. b4 Qd8 16. Qxa7 Ne5 17. b5 Nxc6 18. dxc6 Ra8 19. Qe3 Qa5 20. Bd2 Qa3 21. b6 Qa6 22. b7 Re8 23. Rb1 1-0